Nghiên cứu ứng dụng hệ thống tự động hóa lưới điện phân phối để nâng cao độ tin cậy cung cấp điện : Luận văn tốt nghiệp Thạc sĩ. Chuyên ngành Kỹ thuật điện

Đề tài sẽ trình bày mô hình và chạy mô phỏng cho giải pháp tự động hóa mạch vòng dạng phân tán dựa trên phần mềm Matlab/simulink. Ưu điểm lớn nhất của mô hình mô phỏng là xét đến việc phối hợp bảo vệ khi có sự cố xếp chồng....

Deskribapen osoa

Gorde:
Xehetasun bibliografikoak
Egile nagusia: Lê, Thị Ngọc Nguyện
Formatua: Liburua
Hizkuntza:Undetermined
Argitaratua: Cần Thơ Trường Đại học Cần Thơ 2019
Gaiak:
Etiketak: Etiketa erantsi
Etiketarik gabe, Izan zaitez lehena erregistro honi etiketa jartzen!
Thư viện lưu trữ: Trung tâm Học liệu Trường Đại học Cần Thơ
LEADER 01380nam a2200229Ia 4500
001 CTU_232798
008 210402s9999 xx 000 0 und d
082 |a 629.89 
082 |b Ng527 
088 |a 8520201 
100 |a Lê, Thị Ngọc Nguyện 
245 0 |a Nghiên cứu ứng dụng hệ thống tự động hóa lưới điện phân phối để nâng cao độ tin cậy cung cấp điện : 
245 0 |b Luận văn tốt nghiệp Thạc sĩ. Chuyên ngành Kỹ thuật điện 
245 0 |c Lê Thị Ngọc Nguyện ; Nguyễn Phúc Khải (Cán bộ hướng dẫn) 
260 |a Cần Thơ 
260 |b Trường Đại học Cần Thơ 
260 |c 2019 
520 |a Đề tài sẽ trình bày mô hình và chạy mô phỏng cho giải pháp tự động hóa mạch vòng dạng phân tán dựa trên phần mềm Matlab/simulink. Ưu điểm lớn nhất của mô hình mô phỏng là xét đến việc phối hợp bảo vệ khi có sự cố xếp chồng. 
650 |a Digital control systems,Hệ thống điều khiển kỹ thuật số 
650 |x Design and construction,Thiết kế và xây dựng 
910 |b nthai 
980 |a Trung tâm Học liệu Trường Đại học Cần Thơ